000 00563nam a22001937a 4500
003 BDCtgAUW
005 20260406181241.0
008 260315b enk||||| |||| 00| 0 eng d
020 _a9780300258059
040 _aBDCtgAUW
_cBDCtgAUW
_dBDCtgAUW
050 _aDS244.52
_b.C655
100 1 0 _a Commins, David Dean
_eAuthor
_991286
245 _aSaudi Arabia :
_ba modern history /
260 _aLondon:
_bYale University Press,
_c2025
300 _a372 pages;
_c25 cm
651 _aSaudi Arabia
_xHistory
_991287
887 _28
_aPapia Akter
942 _2lcc
_cBK
_n0
999 _c16353
_d16353
888 _28